| 000 | 00941 a2200229 4500 | ||
|---|---|---|---|
| 005 | 20251119122448.0 | ||
| 008 | 251119b |||||||| |||| 00| 0 eng d | ||
| 020 | _a9789393112996 (hbk) | ||
| 037 | _cTB | ||
| 040 |
_aAL _cAL |
||
| 041 |
_2hin _ahin _hsan |
||
| 084 |
_aO15,2N88x R4 _qAL |
||
| 100 |
_aझा, पंकजकुमार _9822163 |
||
| 245 | _aकर्मभूमि: | ||
| 260 |
_aनई दिल्ली, भारत: _bप्रगतिशील प्रकाशन, _c2024. |
||
| 300 | _a131पृ. | ||
| 365 |
_b675.00 _cINR |
||
| 650 |
_aसंस्कृत साहित्य _9852287 |
||
| 650 |
_aसंस्कृत नाटक _9852288 |
||
| 942 |
_cTB _2CC _n0 _hO15,2N88x R4 |
||
| 999 |
_c1435940 _d1435940 |
||